Phrasal Verbs 1 - Statistics

General Stats
  • This quiz has been taken 152 times
  • The average score is 13 of 23
Answer Stats
Hint Answer % Correct
I will ..... my children from school. pick up
80%
I am also ...... time. running out of
73%
Interviews ....... me ...... stress out
73%
I.....my kids at school one hour ago. dropped off
69%
I can't ...... why my computer is slow. figure out
66%
I .... this form wrong. filled in/filled out
65%
I don't ....... with them. get along
65%
Yesterday I ........ my old pair of shoes. threw away
64%
I have a lot of old clothes I want to ..... get rid of
63%
You must ..... and continue with your life. calm down
58%
I'm so happy tomorrow is Saturday so I can ...... sleep in
58%
I need to .... sugar. cut back on
57%
Wich umbrella .... ? stands out
55%
I'll ...... a coffe-shop and then I'll return at my home. pop into
53%
Okay, ....... me a second please. bear with
51%
I need to ..... a couple of ideas before 10. come up with
51%
I found a wallet on the street, so I ...... it .... handed in
45%
I have to ...... my homework. catch up on
40%
I need to ...... these spreadsheets before I submit them. go over
37%
I wish I had a car so I wouldn't have to ....... this. put up with
37%
Don't ..... about Jhonny's divorce ! bring up
36%
I need to ..... the exact location. look up
34%
I have to ....... my boss's mail. get back to
22%
No matching quizzes found
Score Distribution
Percent of People with Each Score
Percentile by Number Answered
Your Score History
You have not taken this quiz